000 00424nam a2200145Ia 4500
008 100122s9999 xx 000 0 und d
082 _b60026
_a823.08
100 _aपोरे सुरेश
245 _aमोगरा फुलला
260 _bसुदिन ग्रंथ
_c2001
300 _a133
630 _aमोगरा फुलला
730 _aमोगरा फुलला
942 _cBOOK
999 _c435307
_d435304